00726nam a2200217Ia 4500003000400000005001700004008004100021020001800062040000700080041000800087082001700095100002900112245006500141260004000206300001500246365001300261906007400274942001200348999001900360952012900379OSt20230508094553.0210423s2009 xx 000 0 und d a9788173710070 cAL aeng a530 VENG223 aVENKATARAMAN (G).999755 aVignettes in physics: Bhabha and his magnificent obsessions. aNew DelhibUniversities Pressc2009 aix,209bPB b275cINR abhabha ; his ; magnificent ; obsessions. ; physics: ; snd ; Vignettes 2ddccBK c162388d162388 001040708PHYaSACPGbSACPGd2013-06-22eAthulya Booksg275.00l0o530 VENGpPG008881r2022-08-24 00:00:00w2021-04-26yBK